000 00429ntaaa2200169 4500
003 01
005 20251027202807.0
008 0714s1973 ag 01
040 _aAR-BaBN
_bspa
_cAR-BaBN
_eaacr
_dRIC
082 _a862.3000 L88
100 _aLópez, Lucio V
_928223
245 _aLa gran aldea(Costumbres bonaerenses)
250 _a1 ed.
260 _aBuenos Aires :
_bAngel Estrada y Cía,
_c1952
300 _a249 p
942 _cBK
999 _c23263
_d23263